01052nam a2200217 a 4500008004100000020002200041245010700063260008600170300003400256500020500290500003500495504004100530650006100571700001600632700001800648710003800666710010300704003000100807005001700808040000900825  a064303501X (pbk.)00aAustralian systematic entomology :ba bicentenary perspective /cedited by E. Highley and R.W. Taylor. aMelbourne :bCommonwealth Scientific and Industrial Research Organization,c1983. avii, 147 p. :bill. ;c22 cm. aPapers from a symposium held in Canberra, May 7, 1982 and convened by the Australian Entomological Society and the Division of Entomology, Commonwealth Scientific and Industrial Research Organization. aDistributor from label on t.p. aIncludes bibliographical references. 0aInsectszAustraliaxClassificationxHistoryxCongresses.1 aHighley, E.1 aTaylor, R. W.2 aAustralian Entomological Society.2 aCommonwealth Scientific and Industrial Research Organization (Australia).bDivision of Entomology.20230123134217.0 cNUST